| 000 | 00603nam a2200181Ia 4500 | ||
|---|---|---|---|
| 008 | 090124s9999 xx 000 0 und d | ||
| 082 | _b113374 | ||
| 100 | _aगडकरी राम गणेश (गोविंदाग्रज) | ||
| 245 | _a भावबंधन | ||
| 250 | _a0 | ||
| 260 | _c1970 | ||
| 300 | _a160 | ||
| 600 | _aगडकरी राम गणेश (गोविंदाग्रज) | ||
| 630 | _a भावबंधन | ||
| 700 | _aगडकरी राम गणेश (गोविंदाग्रज) | ||
| 730 | _a भावबंधन | ||
| 942 | _cBOOK | ||
| 999 |
_c159465 _d159465 |
||